Israel and Palestine out of the ashes (Record no. 219511)
[ view plain ]
| 000 -LEADER | |
|---|---|
| fixed length control field | 01734nam a2200421 a 4500 |
| 082 04 - DEWEY DECIMAL CLASSIFICATION NUMBER | |
| Classification number | 956.04 |
| 100 1# - MAIN ENTRY--AUTHOR NAME | |
| Personal name | Ellis, Marc H. |
| 245 10 - TITLE STATEMENT | |
| Title | Israel and Palestine out of the ashes |
| 260 ## - PUBLICATION, DISTRIBUTION, ETC. (IMPRINT) | |
| Place of publication | London ; |
| -- | Sterling, Va. : |
| Name of publisher | Pluto Press, |
| Year of publication | 2002. |
| 300 ## - PHYSICAL DESCRIPTION | |
| Number of Pages | xi, 198 p. |
| 505 0# - FORMATTED CONTENTS NOTE | |
| Formatted contents note | Jewish memory in the post-Holocaust era -- Innocence, settlers and state policy -- The prophetic in the post-Holocaust era -- A Jewish witness in exile. |
| 650 #0 - SUBJECT ADDED ENTRY--TOPICAL TERM | |
| Topical Term | Arab-Israeli conflict |
| Topical Term | Holocaust, Jewish (1939-1945) |
| Topical Term | Judaism and politics. |
| Topical Term | Jewish ethics. |
| 856 40 - ELECTRONIC LOCATION AND ACCESS | |
| Uniform Resource Identifier | http://site.ebrary.com/lib/rucke/Doc?id=10479681 |
No items available.
